Former USSR State Capitals - Statistics

General Stats
  • This quiz has been taken 1,734 times
  • The average score is 12 of 15
Answer Stats
Country Capital % Correct
Russia Moscow
95%
Ukraine Kiev
94%
Belarus Minsk
93%
Latvia Riga
93%
Estonia Tallinn
92%
Lithuania Vilnius
86%
Azerbaijan Baku
83%
Georgia Tbilisi
81%
Kazakhstan Astana
80%
Moldova Chisinau
79%
Armenia Yerevan
77%
Uzbekistan Tashkent
72%
Kyrgyzstan Bishkek
64%
Turkmenistan Ashkhabad
61%
Tajikistan Dushanbe
59%
No matching quizzes found
Score Distribution
Percent of People with Each Score
Percentile by Number Answered
Your Score History
You have not taken this quiz